000 00715nam a2200253 4500
999 _c1207
_d1207
001 2209495
003 OSt
005 20180908135516.0
008 720419s1972 nju 000 0 eng
010 _a 74166501
020 _a0912106239
040 _aDLC
_cDLC
_dDLC
050 0 0 _aBT767.3
_b.H33
082 0 0 _a248.48
_bH1741T
100 1 _aHall, Robert Benjamin.
245 1 0 _aThere's more; infinite blessings for the spirit-filled life.
260 _aPlainfield, N.J.,
_bLogos International
_c[1972]
300 _a153 p.
_c21 cm.
350 _a$1.50
650 0 _aGifts, Spiritual.
650 0 _aChristian life
_xAnglican authors.
906 _a7
_bcbc
_corignew
_d2
_encip
_f19
_gy-gencatlg
942 _2ddc
_cBK